Lorem Ipsum

Bibliographic Details
Main Author: Ganzarčík, Michal (Author, Photographer)
Format: Book
Language:English
PhysicalDescription:1 zväzok (nestránkované) farebné fotografie 22 cm
Published: Košice Michal Ganzarčík 2024
ISBN:9788057063384
Edition:First edition
Subjects:

MARC

LEADER 00000cam a2200000 4500
001 vtls012275853
003 SK-MaSNL
005 20260301232141.0
008 251103s2024 xo o gr 000 p eng
015 |a SNBA2024/06 
020 |a 9788057063384  |q (viazané) 
040 |a SNK  |b slo  |c SNK  |e rda 
041 0 |a eng 
044 |a xo  |c SK 
072 7 |a 821.162.4-1  |x Slovenská poézia  |2 konspekt 
080 |a 0/9  |2 2011 
080 |a 316.728  |2 2011 
080 |a (084.12)  |2 2011 
080 |a 821.162.4-1  |2 2011 
100 1 |a Ganzarčík, Michal  |4 aut  |4 pht  |9 625351 
245 1 0 |a Lorem Ipsum  |c Michal Ganzarčík 
246 3 4 |a Lorem Ipsum  |b after 2000 miles, turn left... 
250 |a First edition 
264 1 |a Košice  |b Michal Ganzarčík  |c 2024 
300 |a 1 zväzok (nestránkované)  |b farebné fotografie  |c 22 cm 
336 |a text  |b txt  |2 rdacontent 
336 |a statický obraz  |b sti  |2 rdacontent 
337 |a bez média  |b n  |2 rdamedia 
338 |a zväzok  |b nc  |2 rdacarrier 
650 0 7 |a všeobecnosti a zaujímavosti  |2 SNKPH  |9 4162 
650 0 7 |a spoločenský život  |2 SNKPH  |9 28654 
650 0 7 |a General and attractions  |2 SNKPHeng  |9 267066 
650 0 7 |a Social life  |2 SNKPHeng  |9 265081 
655 7 |a fotografické publikácie  |2 SNKPH  |9 70483 
655 7 |a slovenská poézia  |2 SNKPH  |9 70444 
655 7 |a Slovak poetry  |2 SNKPHeng  |9 265010 
655 7 |a Photographic publication  |2 SNKPHeng  |9 266858 
852 |a Slovenská národná knižnica 
919 |a 978-80-570-6338-4 
954 |a beletria pôvodná (slovenská)  |2 lita 
954 |a obrazové publikácie zamerané na výtvarné umenie a fotografiu pôvodné (slovenské)  |2 lita 
958 |a LX 
958 |a SP 
999 |c 960591  |d 962521 
952 |a SNK  |b SNK  |c SNK_KF  |y PREZ  |7 6  |p 17A1567391  |o snkSC 210123  |i snk2025/7186  |8 0  |0 0  |1 0  |4 0  |d 2025-04-29  |l 0  |r 2025-11-03 00:00:00  |w 2026-02-24